000 00878nam a22002057a 4500
999 _c10183
_d10183
003 AR-CdUCM
008 190329b ||||| |||| 00| 0 spa d
040 _aMUNICIPALIDAD PROVINCIAL DEL CUSCO
_cBIBLIOTECA MUNICIPAL DEL CUSCO
082 _a869.56 /
_bC31P / 1967
100 _aCarrillo Espejo, Francisco E.
_915092
245 _aPequeño poemas comprometidos /
260 _aLima :
_bEdiciones de La Rama Florida :
_bTaller de artes gráficos Ícaro :
_c1967.
300 _a[s.n] ;
_c18.5 cm.
500 _aReemplazado por la copia empastado Pequeños poemas comprometidos ediciones de la Rama 1967. Fecha 9/11/2021. Referencistas Valerio Cabrera, Pepe Holgado, Sergio García. Donación de la familia Nieto.
650 _aPoesía peruana
_9806
650 _aPoetas peruanos
_91611
650 _aPoesía - Siglo XX
_91708
942 _2ddc
_cLIBROS
945 _alccs